000 00608nam a2200217 a 4500
001 000019373
005 20200929170010.0
008 100626s1988 sp 000 p spa d
020 _a844041966X
040 _aDO-SdBNP
_bspa
_cBNPHU
082 _aV861.44
_bE85y
100 1 _aEtxeba, Carlos,
_d1929-
_941618
245 1 0 _aYelmo y espada /
_cCarlos Etxeba.
260 _aBilbao :
_bPublicaciones Edertasuna,
_c1988.
300 _a100 p. ;
_c22 cm.
490 1 _aPoesía
_v1
650 4 _aPoesía venezolana
_94230
650 4 _aLiteratura venezolana
_93816
830 0 _aPoesía ;
_v1
_91183
049 _aBNGR
999 _c18890
_d18890